การจัดทำรัฐธรรมนูญฉบับใหม่ พ.ศ. 2550 (ระเบียนเลขที่ 51110)
| 000 -LEADER | |
|---|---|
| fixed length control field | 01642nam a22002537a 4500 |
| 005 - DATE AND TIME OF LATEST TRANSACTION | |
| control field | 20210325200836.0 |
| 008 - FIXED-LENGTH DATA ELEMENTS--GENERAL INFORMATION | |
| fixed length control field | s2550 th tha d |
| 040 ## - CATALOGING SOURCE | |
| Original cataloging agency | NALT |
| 041 ## - LANGUAGE CODE | |
| Language code of text/sound track or separate title | tha |
| 090 ## - LOCALLY ASSIGNED LC-TYPE CALL NUMBER (OCLC); LOCAL CALL NUMBER (RLIN) | |
| Classification number (OCLC) (R) ; Classification number, CALL (RLIN) (NR) | KD21 |
| Local cutter number (OCLC) ; Book number/undivided call number, CALL (RLIN) | ส226ก 2550 |
| 110 0# - MAIN ENTRY--CORPORATE NAME | |
| Corporate name or jurisdiction name as entry element | สำนักงานเลขาธิการสภาผู้แทนราษฎร. สำนักประชาสัมพันธ์ |
| 245 10 - TITLE STATEMENT | |
| Title | การจัดทำรัฐธรรมนูญฉบับใหม่ พ.ศ. 2550 |
| 260 ## - PUBLICATION, DISTRIBUTION, ETC. | |
| Place of publication, distribution, etc. | กรุงเทพฯ : |
| Name of publisher, distributor, etc. | สำนักงานเลขาธิการสภาผู้แทนราษฎร, |
| Date of publication, distribution, etc. | 2550. |
| 300 ## - PHYSICAL DESCRIPTION | |
| Extent | 40 หน้า : |
| Other physical details | ภาพประกอบ, ตาราง ; |
| Dimensions | 21 ซม. |
| 610 ## - SUBJECT ADDED ENTRY--CORPORATE NAME | |
| Corporate name or jurisdiction name as entry element | สำนักงานเลขาธิการสภาผู้แทนราษฎร. สำนักประชาสัมพันธ์ |
| 650 04 - SUBJECT ADDED ENTRY--TOPICAL TERM | |
| Topical term or geographic name entry element | ร่างรัฐธรรมนูญ -- 2550 -- การจัดทำ |
| 650 04 - SUBJECT ADDED ENTRY--TOPICAL TERM | |
| Topical term or geographic name entry element | รัฐธรรมนูญ -- 2550 -- การจัดทำ |
| 650 04 - SUBJECT ADDED ENTRY--TOPICAL TERM | |
| Topical term or geographic name entry element | สภาร่างรัฐธรรมนูญ -- กระบวนการจัดทำรัฐธรรมนูญ |
| 650 04 - SUBJECT ADDED ENTRY--TOPICAL TERM | |
| Topical term or geographic name entry element | สภาร่างรัฐธรรมนูญ -- กระบวนการจัดทำรัฐธรรมนูญรัฐธรรมนูญ -- 2550 -- การจัดทำร่างรัฐธรรมนูญ -- 2550 -- การจัดทำ |
| 850 ## - HOLDING INSTITUTION | |
| Holding institution | NALT |
| 856 40 - ELECTRONIC LOCATION AND ACCESS | |
| Uniform Resource Identifier | <a href="https://dl.parliament.go.th/handle/lirt/433657">https://dl.parliament.go.th/handle/lirt/433657</a> |
| 942 ## - ADDED ENTRY ELEMENTS (KOHA) | |
| Koha item type | Law Book |
| Koha issues (borrowed), all copies | 4 |
| Source of classification or shelving scheme | Local Classification |
| Withdrawn status | Lost status | Source of classification or shelving scheme | Damaged status | Not for loan | Collection code | Home library | Current library | Shelving location | Total Checkouts | Total Renewals | Full call number | Barcode | Date last seen | Date last checked out | Copy number | Price effective from | Koha item type |
|---|---|---|---|---|---|---|---|---|---|---|---|---|---|---|---|---|---|
| Local Classification | Law Book collection | National Assembly Library of Thailand | National Assembly Library of Thailand | Law Book shelves | 4 | 1 | KD 21 ส226ก 2550 | 3961166189 | 22/03/2019 | 13/03/2019 | ฉ. 2 | 09/06/2017 | Law Book | ||||
| Law Book collection | National Assembly Library of Thailand | National Assembly Library of Thailand | KD 21 ส226ก 2550 | 3961166191 | 09/06/2017 | ฉ. 4 | 09/06/2017 | Law Book | |||||||||
| Law Book collection | National Assembly Library of Thailand | National Assembly Library of Thailand | KD 21 ส226ก 2550 | 3961166188 | 09/06/2017 | ฉ. 1 | 09/06/2017 | Law Book | |||||||||
| Law Book collection | National Assembly Library of Thailand | National Assembly Library of Thailand | KD 21 ส226ก 2550 | 3961166190 | 09/06/2017 | ฉ. 3 | 09/06/2017 | Law Book |
